Modelación de riesgos: aplicación de la simulación de Monte Carlo, análisis de opciones reales, pronóstico estocástico, optimizacion de portafolio, análisis de datos, inteligencia de negocios y modelación de decisiones
Gardado en:
| Autor Principal: | |
|---|---|
| Formato: | Libro |
| Idioma: | Lingua castelá |
| Publicado: |
s.l
Thomson-Shore
2016
|
| Edición: | 3a. ed |
| Subjects: | |
| Tags: |
Engadir etiqueta
Sen Etiquetas, Sexa o primeiro en etiquetar este rexistro!
|
MARC
| LEADER | 00000cam a2200000 a 4500 | ||
|---|---|---|---|
| 001 | UCC6591 | ||
| 003 | CL-VaPUC | ||
| 008 | 181220e20160000us |||||||||||||||||spa|d | ||
| 082 | 0 | 4 | |a 658.155 |b MUN |2 21 |
| 100 | |a Mun, Jonathan |e autor |9 601093 | ||
| 245 | 1 | 0 | |a Modelación de riesgos: aplicación de la simulación de Monte Carlo, análisis de opciones reales, pronóstico estocástico, optimizacion de portafolio, análisis de datos, inteligencia de negocios y modelación de decisiones |
| 250 | |a 3a. ed | ||
| 300 | |a v | ||
| 942 | |c BK | ||
| 945 | |d 20181220 17:39:00 |a dcastane | ||
| 260 | |a s.l |b Thomson-Shore |c 2016 | ||
| 500 | |a v.1: Capítulos 1-11 y guías visuales | ||
| 500 | |a v.2: Capítulos 12-18 y notas técnicas | ||
| 650 | 7 | |a MODELAMIENTO DE DATOS |2 CL-VaPUC |9 600549 | |
| 650 | 7 | |a MODELO DE SIMULACION |2 CL-VaPUC |9 601094 | |
| 650 | 0 | |a Procesos estocásticos |9 260364 | |
| 650 | 0 | |a Análisis de datos |9 269871 | |
| 583 | |a last modification |c 20181220 17:39:00 |k Rodrigo Vera | ||
| 999 | |c 373530 |d 373528 | ||
| 952 | |0 0 |1 0 |3 erb |4 0 |6 658_155000000000000_MUN_2016 |7 0 |8 A |9 491659 |a BIBING |b BIBING |h v.1 |i 5523788 |o 658.155 MUN 2016 |p 5523788 |r 2025-01-20 |w 2019-11-24 |y BK |z Catalogado en:20181220 |k EII | ||
| 952 | |0 0 |1 0 |3 erb |4 0 |6 658_155000000000000_MUN_2016 |7 0 |8 A |9 491660 |a BIBING |b BIBING |h v.2 |i 5523796 |o 658.155 MUN 2016 |p 5523796 |r 2025-01-20 |w 2019-11-24 |y BK |z Catalogado en:20181220 |k EII | ||